000 00574nam a2200229Ia 4500
003 OSt
005 20220924153207.0
006 a|||||r|||| 00| 0
007 ta
008 220923b |||||||| |||| 00| 0 guj d
024 _a347165
037 _cTextual
040 _aARTS
_cARTS
_bguj
041 _2guj
_aguj
082 _aP156,11, 156B9
100 _aDave
_9224524
245 0 _aGujrati bhashama varna vybshtha vyavastha
260 _c1889
650 _aLINGUISTICS
942 _hP156,11, 156B9
_cTEXL
_2CC
999 _c472651
_d472651